000 00487 a2200181 4500
003 OSt
005 20180116182927.0
008 160428b xxu||||| |||| 00| 0 eng d
020 _a9780324379853
022 _a9780324379853
040 _c0
082 _a8031
100 _aMegginson,William L.
245 _aIntroduction to Corporate Finance.
_cWilliam L.Megginson.
260 _aCanada.
_bThomson South-Western.
_c2006
500 _aHard Cover.
942 _aNBS
_cBK
_k658.15 MEG
_2ddc
999 _c348676
_d348676